[Event "SLO-CupT"]
[Site "Novo Mesto"]
[Date "2015.03.28"]
[Round "3"]
[White "Janko, Roman"]
[Black "Zupancic, Jernej"]
[Result "0-1"]
[WhiteElo "1879"]
[BlackElo "2189"]
[PlyCount "162"]
[EventDate "2015.03.27"]
[EventType "team-swiss"]
[EventRounds "5"]
[EventCountry "SLO"]
[SourceTitle "EXT 2019"]
[Source "ChessBase"]
[SourceDate "2018.10.10"]
[SourceVersion "1"]
[SourceVersionDate "2018.10.10"]
[SourceQuality "1"]
[WhiteTeam "Dolenjske Toplice"]
[BlackTeam "Novo Mesto Krka"]
[WhiteTeamCountry "SLO"]
[BlackTeamCountry "SLO"]

1. e4 c5 2. Nc3 Nc6 3. f4 g6 4. Nf3 Bg7 5. d3 d6 6. Be2 e6 7. 0-0 Nge7 8. Be3 Nd4 9. Qd2 0-0 10. Rab1 b6 11. Bd1 Bb7 12. Qf2 Nec6 13. Ne2 Nxf3+ 14. Qxf3 f5 15. c3 Qe7 16. Bc2 Kh8 17. Rbd1 Rae8 18. Ng3 d5 19. Rfe1 fxe4 20. dxe4 d4 21. Bd2 Rd8 22. Kh1 Ne5 23. Qf2 d3 24. Bb1 c4 25. h3 Ba8 26. Qe3 Bh6 27. Rf1 Qh4 28. Kg1 Rd7 29. Rf2 Kg8 30. Rdf1 Rdf7 31. Nh1 Qd8 32. g4 Nc6 33. g5 Bg7 34. Ng3 Qc7 35. h4 Ne7 36. h5 Qb7 37. Rh2 e5 38. hxg6 hxg6 39. f5 gxf5 40. g6 Nxg6 41. Rxf5 Rxf5 42. Nxf5 Qxe4 43. Qxe4 Bxe4 44. Nxg7 Kxg7 45. Bh6+ Kg8 46. Bxf8 Kxf8 47. Rd2 Nh4 48. Kf2 Nf5 49. b3 b5 50. a4 a6 51. axb5 axb5 52. bxc4 bxc4 53. Ba2 Nd6 54. Ke3 Ke7 55. Rh2 Bg6 56. Kd2 Bf7 57. Rh4 Kd7 58. Bb1 e4 59. Rf4 Ke6 60. Ba2 Bg6 61. Rg4 Bf5 62. Rh4 Ke5 63. Rh1 Be6 64. Re1 Nf5 65. Bb1 Kf4 66. Rf1+ Kg4 67. Re1 Kf3 68. Rf1+ Kg2 69. Re1 Bd5 70. Ba2 Kf3 71. Rf1+ Kg4 72. Re1 Kf4 73. Rf1+ Ke5 74. Re1 Nh4 75. Rf1 Ng2 76. Rg1 e3+ 77. Kc1 Kf4 78. Bxc4 d2+ 79. Kc2 Bxc4 80. Rd1 Ne1+ 81. Kb2 Be2 0-1

[Event "SLO-chT2 West"]
[Site "Ljubljana"]
[Date "2014.10.18"]
[Round "3.5"]
[White "Pecnik, Primoz"]
[Black "Janko, Roman"]
[Result "0-1"]
[WhiteElo "1874"]
[BlackElo "1835"]
[PlyCount "102"]
[EventDate "2014.10.17"]
[EventType "team-tourn"]
[EventRounds "9"]
[EventCountry "SLO"]
[SourceTitle "EXT 2019"]
[Source "ChessBase"]
[SourceDate "2018.10.10"]
[SourceVersion "1"]
[SourceVersionDate "2018.10.10"]
[SourceQuality "1"]
[WhiteTeam "Ljubljana KC"]
[BlackTeam "Dolenjske Toplice"]
[WhiteTeamCountry "SLO"]
[BlackTeamCountry "SLO"]

1. e4 Nf6 2. Nc3 d6 3. d4 g6 4. Bc4 Bg7 5. f3 0-0 6. Be3 c6 7. Qd2 b5 8. Bd3 Qc7 9. Bh6 a5 10. a3 Rd8 11. Bxg7 Kxg7 12. g4 h5 13. gxh5 Nxh5 14. d5 Ba6 15. dxc6 Qxc6 16. Nge2 Rh8 17. 0-0-0 b4 18. Nb1 Bxd3 19. Qxd3 Nd7 20. Nd4 Qc7 21. Nb5 Qc5 22. Qd4+ Qxd4 23. Nxd4 Nf4 24. axb4 axb4 25. Nc6 b3 26. Nxe7 Ne5 27. cxb3 Ned3+ 28. Kd2 Nf2 29. Ke3 Nxd1+ 30. Rxd1 Ne6 31. Rxd6 Rxh2 32. Rd2 Rh1 33. Nc3 Rb8 34. Nc6 Rxb3 35. Nd4 Nxd4 36. Kxd4 Rh8 37. f4 Rhb8 38. Nd1 Rf3 39. Rf2 Rxf2 40. Nxf2 Rxb2 41. Ng4 Rg2 42. Ne5 Rd2+ 43. Nd3 Kh6 44. Ke3 Ra2 45. Ne5 Ra7 46. Ng4+ Kh5 47. Nf6+ Kh4 48. Kd4 Kg3 49. Ke5 Re7+ 50. Kd4 Re6 51. Nd5 Kf3 0-1

[Event "SLO-chT2 West"]
[Site "Ljubljana"]
[Date "2014.10.17"]
[Round "1.5"]
[White "Janko, Roman"]
[Black "Jese, Janez"]
[Result "1-0"]
[WhiteElo "1835"]
[BlackElo "1846"]
[PlyCount "97"]
[EventDate "2014.10.17"]
[EventType "team-tourn"]
[EventRounds "9"]
[EventCountry "SLO"]
[SourceTitle "EXT 2019"]
[Source "ChessBase"]
[SourceDate "2018.10.10"]
[SourceVersion "1"]
[SourceVersionDate "2018.10.10"]
[SourceQuality "1"]
[WhiteTeam "Dolenjske Toplice"]
[BlackTeam "Sticna Visnja Gora"]
[WhiteTeamCountry "SLO"]
[BlackTeamCountry "SLO"]

1. e4 e5 2. Bc4 Nf6 3. Nc3 Bc5 4. d3 h6 5. Nf3 Nc6 6. 0-0 d6 7. h3 a6 8. a4 0-0 9. Qe2 Be6 10. Ba2 Qd7 11. Be3 Bxa2 12. Bxc5 Be6 13. Be3 Nh7 14. Nd2 f5 15. exf5 Bxf5 16. Nde4 b6 17. Nd5 Rae8 18. c4 Ne7 19. Nxe7+ Rxe7 20. Ng3 Bxh3 21. gxh3 Qxh3 22. Qh5 Qe6 23. a5 Nf6 24. Qf5 Qxf5 25. Nxf5 Ref7 26. axb6 cxb6 27. Nxd6 Rd7 28. c5 Nd5 29. Nc4 Nxe3 30. fxe3 Rxf1+ 31. Kxf1 bxc5 32. Ke2 e4 33. dxe4 Rb7 34. Rxa6 Rb4 35. Kd3 Rb3+ 36. Kc2 Rb8 37. e5 Kf7 38. Kd3 h5 39. Ke4 g5 40. Kf5 g4 41. Rh6 Rg8 42. Rxh5 g3 43. Rh7+ Ke8 44. Rh1 g2 45. Rg1 Rf8+ 46. Ke4 Rf2 47. Kd5 Ke7 48. Kxc5 Ke6 49. b4 1-0

[Event "SLO-chT2 West"]
[Site "Ljubljana"]
[Date "2013.11.17"]
[Round "9.5"]
[White "Janko, Roman"]
[Black "Jeraj, Zlatko"]
[Result "1/2-1/2"]
[WhiteElo "1817"]
[BlackElo "2050"]
[PlyCount "28"]
[EventDate "2013.11.08"]
[EventType "team"]
[EventRounds "9"]
[EventCountry "SLO"]
[SourceTitle "EXT 2015"]
[Source "ChessBase"]
[SourceDate "2014.11.20"]
[SourceVersion "1"]
[SourceVersionDate "2014.11.20"]
[SourceQuality "1"]
[WhiteTeam "Dolenjske Toplice"]
[BlackTeam "Jesenice"]
[WhiteTeamCountry "SLO"]
[BlackTeamCountry "SLO"]

1. e4 e5 2. Nf3 Nc6 3. Bc4 Be7 4. d4 d6 5. dxe5 Nxe5 6. Nxe5 dxe5 7. Qxd8+ Bxd8 8. Be3 Nf6 9. Nc3 c6 10. f3 0-0 11. 0-0-0 b5 12. Bb3 Be7 13. Rd2 Nd7 14. Rdd1 Nc5 1/2-1/2

[Event "SLO-chT2 West"]
[Site "Ljubljana"]
[Date "2013.11.16"]
[Round "8.5"]
[White "Leonardi, Caterina"]
[Black "Janko, Roman"]
[Result "1-0"]
[WhiteElo "1904"]
[BlackElo "1817"]
[PlyCount "81"]
[EventDate "2013.11.08"]
[EventType "team"]
[EventRounds "9"]
[EventCountry "SLO"]
[SourceTitle "EXT 2015"]
[Source "ChessBase"]
[SourceDate "2014.11.20"]
[SourceVersion "1"]
[SourceVersionDate "2014.11.20"]
[SourceQuality "1"]
[WhiteTeam "Komenda Popotnik"]
[BlackTeam "Dolenjske Toplice"]
[WhiteTeamCountry "SLO"]
[BlackTeamCountry "SLO"]

1. d4 g6 2. c4 d6 3. e4 Nf6 4. Nc3 Bg7 5. f4 0-0 6. Nf3 Bg4 7. Bd3 Na6 8. 0-0 c5 9. d5 Nd7 10. h3 Bxf3 11. Qxf3 Nc7 12. Be3 a6 13. a4 Rb8 14. Rab1 b6 15. Kh1 Qe8 16. Bf2 Qc8 17. Bg3 Rb7 18. Rfe1 e6 19. e5 dxe5 20. fxe5 f5 21. exf6 Rxf6 22. Qg4 Nf8 23. Ne4 Ne8 24. Nxf6+ Nxf6 25. Qe2 exd5 26. cxd5 Ra7 27. b4 cxb4 28. Rxb4 b5 29. axb5 axb5 30. Rxb5 Ra8 31. Reb1 N6d7 32. Qf3 Qc3 33. d6 Ra3 34. Qd5+ Kh8 35. R5b3 Rxb3 36. Rxb3 Qc8 37. Rb7 Qc1+ 38. Kh2 Qc3 39. Bc4 Nf6 40. Qf7 N8d7 41. Rxd7 1-0

[Event "SLO-chT2 West"]
[Site "Ljubljana"]
[Date "2013.11.15"]
[Round "6.5"]
[White "Janko, Roman"]
[Black "Zupec, Jan"]
[Result "0-1"]
[WhiteElo "1817"]
[BlackElo "1985"]
[PlyCount "126"]
[EventDate "2013.11.08"]
[EventType "team"]
[EventRounds "9"]
[EventCountry "SLO"]
[SourceTitle "EXT 2015"]
[Source "ChessBase"]
[SourceDate "2014.11.20"]
[SourceVersion "1"]
[SourceVersionDate "2014.11.20"]
[SourceQuality "1"]
[WhiteTeam "Dolenjske Toplice"]
[BlackTeam "Ig"]
[WhiteTeamCountry "SLO"]
[BlackTeamCountry "SLO"]

1. e4 g6 2. d4 c6 3. Nf3 d5 4. e5 Bg4 5. h3 Bxf3 6. Qxf3 e6 7. Bd3 c5 8. dxc5 Nc6 9. Bf4 Bg7 10. Qg3 Qa5+ 11. Nd2 Qxc5 12. 0-0 Nge7 13. Nb3 Qb6 14. c3 0-0 15. Rfe1 a6 16. Re2 Rac8 17. h4 d4 18. c4 Nb4 19. Nd2 Nxd3 20. Qxd3 Qxb2 21. Rb1 Qc3 22. Qe4 b5 23. cxb5 axb5 24. Nf3 d3 25. Rd2 Rc4 26. Qxd3 Qxd3 27. Rxd3 Rxf4 28. Rxb5 Ra4 29. a3 Nd5 30. Rb7 h6 31. Kh2 Rfa8 32. Rbb3 Re4 33. Nd2 Bxe5+ 34. g3 Rxh4+ 35. Kg2 Rd4 36. Rxd4 Bxd4 37. Ne4 Nf6 38. Nd6 Bc5 39. Nc4 Ne4 40. f3 Nd6 41. Ne5 Bxa3 42. Rd3 Kg7 43. Kh3 h5 44. Kg2 Bc5 45. Rd2 Ra7 46. Kh3 Rc7 47. Rc2 Bb6 48. Re2 Nc4 49. Nd3 Kf6 50. Nf4 Ne5 51. Rb2 Bd4 52. Rb3 Rc3 53. Rxc3 Bxc3 54. Kg2 Kf5 55. Ne2 Bb2 56. Ng1 g5 57. Ne2 Nd3 58. Kh3 e5 59. Kg2 Bd4 60. Kf1 f6 61. g4+ hxg4 62. Ng3+ Kf4 63. Nh5+ Kxf3 0-1

[Event "Novo Mesto op"]
[Site "Novo Mesto"]
[Date "2013.11.02"]
[Round "5"]
[White "Janko, Roman"]
[Black "Brcar, Ales"]
[Result "0-1"]
[WhiteElo "1817"]
[BlackElo "2039"]
[PlyCount "70"]
[EventDate "2013.10.31"]
[EventType "swiss"]
[EventRounds "9"]
[EventCountry "SLO"]
[SourceTitle "EXT 2015"]
[Source "ChessBase"]
[SourceDate "2014.11.20"]
[SourceVersion "1"]
[SourceVersionDate "2014.11.20"]
[SourceQuality "1"]

1. e4 e6 2. d4 d5 3. Nd2 Nf6 4. Bd3 c5 5. dxc5 Bxc5 6. exd5 exd5 7. Ngf3 0-0 8. 0-0 Bg4 9. h3 Bh5 10. Nb3 Bb6 11. Bg5 Nc6 12. Re1 Qd6 13. Bh4 Qf4 14. Qd2 Qxd2 15. Nbxd2 Nd7 16. c3 f6 17. Bf5 Nce5 18. Be6+ Bf7 19. Bxf7+ Rxf7 20. Nb3 Nxf3+ 21. gxf3 Ne5 22. Kg2 Nd3 23. Red1 Nxb2 24. Rxd5 Rc8 25. a4 Rxc3 26. a5 Rxb3 27. axb6 a6 28. Bg3 Rxb6 29. Rc1 h6 30. Bf4 Rb3 31. Rb1 Rd3 32. Rc5 Na4 33. Rc8+ Kh7 34. h4 Nc3 35. Be3 Nxb1 0-1